000
00305nam a2200133Ia 4500
008
150301s2015 xx 000 0 und d
082
_a
615
_b
H08N
100
_a
R.V. NAIR
245
_a
HERBAL HOMES REMEDIES
260
_b
UNIIVERSITY PRESS
300
_a
58
650
_a
HERBAL PHARMACY
942
_2
ddc
_c
BK
999
_c
7114
_d
7114